000 00873nac a22002657a 4500
001 BR0703859
003 BR-BrBNA
005 20240105123438.0
008 230509b bl.|||m| |||| 00| 0 por d
040 _aBR-BrBNA
_bpor
_cBiblioteca Nacional de Agricultura
072 _aF70
090 _a0600 BR0703859
100 1 _aMattos, J.R.
110 1 _aInstituto de Pesquisas de Recursos Naturais Renováveis "Ataliba Paz", Porto Alegre, RS (Brasil)
_96156
245 1 _aFrutos indígenas comestíveis do Rio Grande do Sul
250 1 _a2. ed.
260 3 _aPorto Alegre, RS (Brasil):
_c1978.
300 _a37 p.
490 _aPublicação IPRNR (Brazil)
_vno. 1
_xISSN 0101-7667
500 _aDocumento microfilmado e tratado BR7900003
650 _aFRUTA
650 _aTAXONOMIA VEGETAL
909 _a202312
_bLúcia Elande
_c55
_dLúcia Elande
942 _2AGRIS
_n0
_cMS
999 _c295485
_d295485